Los principios del derecho del trabajo
Bewaard in:
| Hoofdauteurs: | , |
|---|---|
| Formaat: | Boek |
| Taal: | Spaans |
| Gepubliceerd in: |
Madrid
Centro de Estudios Financieros
2003
|
| Onderwerpen: | |
| Tags: |
Voeg label toe
Geen labels, Wees de eerste die dit record labelt!
|
MARC
| LEADER | 00000nam a2200000 a 4500 | ||
|---|---|---|---|
| 001 | UCJ0505 | ||
| 003 | CL-VaPUC | ||
| 008 | 060804e20030000SP |||||||||||||||||spa|d | ||
| 020 | |a 8445411950 | ||
| 082 | 0 | 4 | |a 344.4601 |b VIL |2 21 |
| 100 | |a Villa Gil, Luis Enrique de la |e author |9 550196 | ||
| 700 | 0 | |a López Cumbre, Lourdes |e author |9 500730 | |
| 245 | 1 | 4 | |a Los principios del derecho del trabajo |
| 300 | |a 423 p | ||
| 942 | |c BK | ||
| 945 | |d 20060804 00:00:00 |a jtorresc | ||
| 260 | |a Madrid |b Centro de Estudios Financieros |c 2003 | ||
| 650 | 7 | |a DERECHO LABORAL |2 CL-VaPUC |9 15 | |
| 650 | 0 | |a Jurisprudencia |9 255952 | |
| 650 | 0 | |a Contratos |9 255153 | |
| 650 | 0 | |a Filosofía del derecho |9 255050 | |
| 583 | |a last modification |c 20140406 06:05:45 |k Rodrigo Vera | ||
| 999 | |c 317339 |d 317337 | ||
| 952 | |0 0 |1 0 |4 0 |6 344_460100000000000_VIL_2003 |7 0 |8 A |9 393615 |a BIBDER |b BIBDER |d 2019-11-22 |i 4261208 |o 344.4601 VIL 2003 |p 4261208 |r 2023-01-25 |w 2019-11-22 |y BK |k DER | ||